Biomedical engineering : (رقم التسجيلة. 22528)

تفاصيل مارك
000 -الفاتح
حقل البيانات ثابتة الطول 01210cam a2200313 a 4500
001 - رقم الضبط
رقم الضبط 15492638
003 - محدد رقم الضبط
رقم الضبط OSt
005 - وقت وتاريخ اخر تعامل مع التسجيلة
رقم الضبط 20150408114027.0
008 - عناصر البيانات ثابتة الطول - معلومات عامة
حقل البيانات ثابتة الطول 081021s2009 enkabf b 001 0 eng
010 ## - رقم ضبط مكتبة الكونجرس
رقم ضبط مكتبة الكونجرس 2008044766
015 ## - رقم الببليوجرافية الوطنية
رقم الببليوجرافية الوطنية GBA944687
المصدر bnb
016 7# - رقم ضبط الوكاله الوطنية للضبط الببليوجرافي
رقم ضبط التسجيلة 015175067
المصدر Uk
020 ## - الرقم الدولى المعيارى للكتب
الرقم الدولى المعيارى للكتاب 9780521840996 (hardback)
020 ## - الرقم الدولى المعيارى للكتب
الرقم الدولى المعيارى للكتاب 0521840996 (hardback)
035 ## - رقم ضبط النظام
رقم ضبط النظام (OCoLC)ocn263409098
040 ## - مصدر الفهرسة
وكالة الفهرسة الأصلية DLC
وكالة النسخ DLC
وكالة التعديل BTCTA
-- YDXCP
-- UKM
-- C#P
-- CDX
-- BWX
-- DLC
050 00 - رقم طلب مكتبة الكونجرس
رقم التصنيف R856
رقم المادة .S25 2009
082 00 - رقم تصنيف ديوى العشرى
رقم التصنيف 610.28
رقم الطبعة 22
100 1# - المدخل الرئيسى - إسم شخصى
الإسم الشخصى Saltzman, W. Mark.
9 (RLIN) 12140
245 10 - بيان العنوان
العنوان Biomedical engineering :
بقية العنوان bridging medicine and technology /
بيان المسئوليه,etc W. Mark Saltzman.
260 ## - PUBLICATION, DISTRIBUTION, ETC. (IMPRINT)
مكان الناشر او الموزع Cambridge ;
-- New York :
اسم الناشر او الموزع Cambridge University Press,
تاريخ النشر أو التوزيع 2009.
300 ## - الوصف المادى
التعداد xxi, 633 p., [16] p. of plates :
تفاصيل ماديه اخرى للوعاء ill. (some col.), maps (some col.) ;
أبعاد الوعاء 27 cm.
490 1# - بيان السلسلة
عنوان السلسلة Cambridge texts in biomedical engineering
504 ## - تبصرة ببليوجرافية
تبصرة ببليوجرافية,الخ Includes bibliographical references and index.
650 #0 - المدخل الاضافى بالموضوع-مصطلح موضوعى
مصطلح موضوعي أو اسم جغرافي كعنصر مدخل Biomedical engineering.
9 (RLIN) 5584
830 #0 - المدخل الاضافى بالسلسلة -عنوان موحد
عنوان موحد Cambridge texts in biomedical engineering.
9 (RLIN) 12141
942 ## - عناصر المدخل الإضافي( كوها)
مصدر التصنيف او مخطط الترفيف Dewey Decimal Classification
Koha [default] item type كتاب
المقتنيات
حالة الفقد نموذج السعر الفعال حالة تلف ليس للاعارة رقم الطلب تاريخ الاكتساب الموقع الحالي الباركود الفرع الرئيسي Date last seen نوع المادة فى نظام كوها مصدر التصنيف او خطة الترفيف Total Checkouts Date last checked out
  2013-03-10     610.28 S W B 2012-04-28 المكتبة المركزية بالمجمعة (CL) 00085848 المكتبة المركزية بالمجمعة (CL) 2013-03-10 كتاب Dewey Decimal Classification    
  2013-03-10     610.28 S W B 2012-04-28 المكتبة المركزية بالمجمعة (CL) 00085849 المكتبة المركزية بالمجمعة (CL) 2014-04-14 كتاب Dewey Decimal Classification 1 2013-12-16